El movimiento antimilitarista en Europa (Record no. 138230)

MARC details
000 -LEADER
campo de control de longitud fija 00733nam a2200193 i 4500
001 - NÚMERO DE CONTROL
campo de control 138230
003 - IDENTIFICADOR DE NÚMERO DE CONTROL
campo de control ES-MaACL
005 - FECHA Y HORA DE LA ÚLTIMA TRANSACCIÓN
campo de control 20240511063035.0
007 - CAMPO FIJO DE DESCRIPCIÓN FÍSICA--INFORMACIÓN GENERAL
campo de control de longitud fija t|
008 - DATOS DE LONGITUD FIJA--INFORMACIÓN GENERAL
campo de control de longitud fija 070214s1910 sp r ||||1| spa d
100 1# - ENTRADA PRINCIPAL--NOMBRE DE PERSONA
Nombre de persona Sánchez de Toca, Joaquín,
Fechas asociadas al nombre 1852-1942
9 (RLIN) 102598
245 13 - MENCIÓN DEL TÍTULO
Título El movimiento antimilitarista en Europa
Resto del título : discusión en la Real Academia de Ciencias Morales y Políticas /
Mención de responsabilidad, etc. J. Sánchez de Toca.
260 ## - PUBLICACIÓN, DISTRIBUCIÓN, ETC.
Lugar de publicación, distribución, etc. Madrid :
Nombre del editor, distribuidor, etc. [s. n.],
Fecha de publicación, distribución, etc. 1910 (
Fabricante Imp. del Asilo de Huérfanos del S. C. de Jesús)
300 ## - DESCRIPCIÓN FÍSICA
Extensión XI, 116 p. ;
Dimensiones 18 cm.
650 04 - PUNTO DE ACCESO ADICIONAL DE MATERIA--TÉRMINO DE MATERIA
Término de materia o nombre geográfico como elemento de entrada Pacifismo.
9 (RLIN) 15784
710 2# - ENTRADA AGREGADA--NOMBRE DE ENTIDAD CORPORATIVA
Nombre de entidad corporativa o nombre de jurisdicción como elemento de entrada Real Academia de Ciencias Morales y Políticas (España)
9 (RLIN) 222050
852 ## - LOCALIZACIÓN
Ubicación ES-MaACL
Número de control de estantería T-1232-F-1
Holdings
Estatus retirado Estado de pérdida Estado de daño No para préstamo Colección Biblioteca de origen Biblioteca actual Ubicación en estantería Fecha de adquisición Fuente de adquisición Total de préstamos Signatura topográfica completa Código de barras Visto por última vez Precio de reemplazo Tipo de ítem Koha
        Colección de folletos Biblioteca del Ateneo de Madrid Biblioteca del Ateneo de Madrid Depósito folletos 17/01/2008     T-1232-F-1 1143837 23/02/2023 23/02/2023 Folleto